000 00551nam a2200169 i 4500
001 91366
003 ES-MaACL
005 20230906180715.0
007 t|
008 050128s1969 ag ||||1| spa d
100 1 _aLévi-Strauss, Claude.
_971961
245 1 4 _aLas estructuras elementales del parentesco /
_cClaude Lévi-Strauss ; [versión castellana de Marie Thérése Cevasco].
260 _aBuenos Aires :
_bPaidós,
_c[1969]
300 _a575 p. ;
_c23 cm.
700 1 _aCevasco, Marie Thérèse.
_937708
852 _aES-MaACL
_jC-38160
_bR.73083
999 _c91366
_d91366